Kaninchen oder Kanarienvogel? - Statistiken

Allgemein
  • Dieses Quiz wurde 122 mal gespielt
  • Das Durchschnittsergebnis liegt bei 10 aus 18
Antwortstatistiken
Hint Antwort % Korrekt
Großchinchilla
82%
Deutscher Riese
81%
Thüringer
70%
Pariser Trompeter
67%
Norwich
61%
Fife Fancy
60%
Lizard
59%
Alaska
57%
Roter Neuseeländer
53%
Raza Espanõla
53%
Havanna
51%
Benacus
48%
Blauer Wiener
47%
Sachsengold
46%
Japan Hoso
44%
Mehringer
44%
Separator
39%
Harzer Roller
39%
Keine übereinstimmenden Quizze gefunden
Verteilung der Resultate
Anzahl Personen mit jedem Resultat
Perzentil nach korrekt beantworteten Fragen
Ihre Resultats-Entwicklung
Sie haben dieses Quiz noch nicht gespielt